Statistieken voor Algemene Kennisquiz #5

Klik hier om de quiz te nemen!

Algemene statistieken

  • Deze quiz is 1.280 keer genomen
  • De gemiddelde score is 7 van 20

Antwoordstatistieken

VraagAntwoord% Correct
In welke stad werden de eerste moderne Olympische Spelen in 1896 gehouden?Athene
82%
Exclusief overzeese gebieden, wat is het zuidelijkste land ter wereld?
Chili
68%
Welk internationale songfestival is gewonnen door ABBA en Celine Dion?
Eurovisie
68%
Wie is de vijand van Mario in de originele Super Mario Brothers?
Bowser
61%
Veel Duitse steden hebben een U-Bahn. Wat is een U-Bahn?
Een Metro
59%
Wat is je sterrenbeeld als je op 1 augustus geboren bent?Leeuw
59%
Wie was in de meeste Harry Potterboeken het schoolhoofd van Zweinstein?
Albus Perkamentus
56%
Hoe wordt Mumbai in het Nederlands ook wel genoemd?Bombay
36%
Als iets "prêt-à-porter" is, wat kun je er dan meteen mee doen?
Het {dragen}
32%
Wat maakt een mixologist?Cocktails
31%
In welke sport was Nadia Comăneci "perfect"?Gymnastiek
28%
Wie schreef "Les Misérables"?Victor Hugo
24%
Wat zijn de twee "waarnemerstaten" van de VN die geen volwaardig lid zijn?
Palestina
20%
Welke grote stad heeft in het Engels de initialen HCMC?Ho Chi Minh-Stad
19%
Welke bezienswaardigheid is ook bekend als Ayers Rock?
Uluru
18%
Welke wereldleider werd als Jorge Mario Bergoglio in 1936 geboren in Buenos Aires?
Paus Franciscus
17%
Welke provincie ligt aan de oostgrens van Brits Columbia?
Alberta
15%
Hoe wordt D kruis ook wel genoemd?E mol
14%
Welke ster, afgezien van de zon, lijkt het felst vanaf Aarde?
Sirius
14%
Wat zijn de twee "waarnemerstaten" van de VN die geen volwaardig lid zijn?Vaticaanstad
13%

Scoreverdeling

Percentiel versus Aantal Correcte Antwoorden

Procent van Mensen met Elke Score

Uw Scoregeschiedenis

U heeft deze quiz nog niet genomen